|
|
|
|
| LEADER |
01203cam a2200289 a 4500 |
| 001 |
c000393360 |
| 003 |
CARM |
| 005 |
20130409133224.0 |
| 008 |
130409r19241920enk 000 0 eng d |
| 019 |
1 |
|
|a 57759086
|5 LACONCORD2021
|
| 035 |
|
|
|a (OCoLC)4633666
|5 LACONCORD2021
|
| 040 |
|
|
|a CLE
|b eng
|c CLE
|d OCL
|d OCLCQ
|d OCLCG
|d BWE
|d OCLCQ
|d VCAV
|
| 050 |
|
4 |
|a CB67
|b .B8
|
| 082 |
0 |
4 |
|a 901
|2 23
|
| 100 |
1 |
|
|a Bury, J. B.
|q (John Bagnell),
|d 1861-1927.
|
| 245 |
1 |
4 |
|a The idea of progress; :
|b an inquiry into its origin and growth, /
|c by J.B. Bury.
|
| 260 |
|
|
|a London, :
|b Macmillan and Co.,
|c 1924.
|
| 300 |
|
|
|a xv, 377 p. ;
|c 23 cm.
|
| 500 |
|
|
|a First edition 1920. Reprinted 1921, 1924.
|
| 600 |
1 |
0 |
|a Progress.
|
| 600 |
1 |
0 |
|a History
|x Philosophy.
|
| 776 |
0 |
8 |
|i Online version:
|a Bury, J.B. (John Bagnell), 1861-1927.
|t Idea of progress.
|d London, Macmillan and Co., 1924
|w (OCoLC)613194325
|
| 852 |
8 |
|
|b CARM
|p 0589844
|f BK
|
| 852 |
8 |
|
|b SCAN
|h A3:AG14B0
|i B12175
|p 0589844
|f BK
|
| 999 |
f |
f |
|i a44ef660-4ad3-5102-b98f-f2571a87c156
|s 73bf415e-e42e-5ef6-bbab-895a7aa99fe6
|
| 952 |
f |
f |
|p Can circulate
|a CAVAL
|b CAVAL
|c CAVAL
|d CARM 1 Store
|i book
|m 0589844
|
| 952 |
f |
f |
|a CAVAL
|b CAVAL
|c CAVAL
|d Unmapped Location
|e B12175
|f A3:AG14B0
|h Other scheme
|